Strzelcy Premier League w klubach 2005/06 - Statystyki

Ogólne statystyki
  • Ten quiz został rozwiązany 15 razy
  • Średni wynik to 7 z 20
Statystyki odpowiedzi
Klub Narodowość # Nazwisko % Poprawnych
Arsenal Francja 27 Thierry Henry
100%
Chelsea Anglia 16 Frank Lampard
93%
Tottenham Hotspur Irlandia 16 Robbie Keane
93%
Manchester United Holandia 21 Ruud van Nistelrooy
79%
Aston Villa Czechy/Anglia 8 Milan Baroš/Luke Moore
64%
Liverpool Anglia 10 Steven Gerrard
64%
Newcastle United Anglia 10 Alan Shearer
50%
Manchester City Anglia 9 Andy Cole
29%
Blackburn Rovers Walia 13 Craig Bellamy
21%
Charlton Athletic Anglia 18 Darren Bent
21%
West Bromwich Albion Anglia/Nigeria 5 Nathan Ellington/Nwankwo Kanu
21%
Wigan Athletic Senegal 12 Henri Camara
14%
Bolton Wanderers Grecja/Anglia 9 Stelios Giannakopoulos/Kevin Nolan
14%
Middlesbrough Nigeria 13 Yakubu Aiyegbeni
14%
Fulham Holandia 11 Collins John
7%
Everton Anglia 10 James Beattie
7%
Birmingham City Czechy 5 Jiří Jarošík
7%
West Ham United Anglia 14 Marlon Harewood
7%
Sunderland Francja 4 Anthony Le Tallec
0%
Portsmouth DR Konga 7 Lomana LuaLua
0%
Nie znaleziono quizów pasujących do podanych kryteriów
Rozkład punktacji
Procent ludzi z każdym wynikiem
Percentyl według liczby udzielonych odpowiedzi
Twoja historia wyników
Nie rozwiązałeś tego quizu